000 00911nam a2200265 a 4500
008
020 _a0198272413 (cased)
049 _aMAIN
090 _aHD31
_bNYS
245 0 0 _aAdapting organizations to their environments /
_cedited by Paul C. Nystrom and William H. Starbuck.
260 _aOxford :
_bOxford University Press,
_c1981.
300 _axxii, 560 p. :
_bill. ;
_c25 cm.
440 _aHandbook of organizational design ;
_vv. 1.
504 _aIncludes bibliographical references.
500 _aIncludes index.
650 0 _aOrganization.
700 1 _aNystrom, Paul C.
700 1 _aStarbuck, William H.
740 0 _aHandbook of organizational design, volume 1 :
_badapting organizations to their environments.
907 _a.b10005444
_b20-03-12
_c17-04-03
003
005 20230123133116.0
040 _cNUST
942 _cBOOKS
_kHD31
_mNYS
999 _c142867
_d142867